NBA Leading Scorer Every Year by Letter - G - Statistics

General Stats
  • This quiz has been taken 32 times
  • The average score is 41 of 76
Answer Stats
Year PPG Team Player % Correct
2022 24.5 Oklahoma City Thunder Shai Gilgeous-Alexander
96%
2023 31.4 Oklahoma City Thunder Shai Gilgeous-Alexander
96%
2024 30.1 Oklahoma City Thunder Shai Gilgeous-Alexander
96%
2025 32.7 Oklahoma City Thunder Shai Gilgeous-Alexander
96%
1998 18.5 Minnesota Timberwolves Kevin Garnett
89%
1999 20.8 Minnesota Timberwolves Kevin Garnett
89%
2000 22.9 Minnesota Timberwolves Kevin Garnett
89%
2001 22.0 Minnesota Timberwolves Kevin Garnett
89%
2002 21.2 Minnesota Timberwolves Kevin Garnett
89%
2003 23.0 Minnesota Timberwolves Kevin Garnett
89%
2004 24.2 Minnesota Timberwolves Kevin Garnett
89%
2005 22.2 Minnesota Timberwolves Kevin Garnett
89%
2006 21.8 Minnesota Timberwolves Kevin Garnett
89%
2007 22.4 Minnesota Timberwolves Kevin Garnett
89%
1977 23.1 San Antonio Spurs George Gervin
86%
1978 27.2 San Antonio Spurs George Gervin
86%
1979 29.6 San Antonio Spurs George Gervin
86%
1980 33.1 San Antonio Spurs George Gervin
86%
1981 27.1 San Antonio Spurs George Gervin
86%
1982 32.3 San Antonio Spurs George Gervin
86%
1983 26.2 San Antonio Spurs George Gervin
86%
1984 25.9 San Antonio Spurs George Gervin
86%
2016 23.1 Indiana Pacers Paul George
82%
2017 23.7 Indiana Pacers Paul George
82%
2018 21.9 Oklahoma City Thunder Paul George
82%
2019 28.0 Oklahoma City Thunder Paul George
82%
2020 21.5 Los Angeles Clippers Paul George
82%
2021 23.3 Los Angeles Clippers Paul George
82%
2011 22.5 Los Angeles Clippers Blake Griffin
79%
2012 20.7 Los Angeles Clippers Blake Griffin
79%
2014 24.1 Los Angeles Clippers Blake Griffin
79%
2015 21.9 Los Angeles Clippers Blake Griffin
79%
1969 23.8 Phoenix Suns Gail Goodrich
64%
1972 25.9 Los Angeles Lakers Gail Goodrich
64%
1973 23.9 Los Angeles Lakers Gail Goodrich
64%
1974 25.3 Los Angeles Lakers Gail Goodrich
64%
1975 22.6 Los Angeles Lakers Gail Goodrich
64%
1976 19.5 Los Angeles Lakers Gail Goodrich
64%
1964 23.3 Philadelphia 76ers Hal Greer
50%
1965 20.2 Philadelphia 76ers Hal Greer
50%
1966 22.7 Philadelphia 76ers Hal Greer
50%
1967 22.1 Philadelphia 76ers Hal Greer
50%
1968 24.1 Philadelphia 76ers Hal Greer
50%
1970 22.0 Philadelphia 76ers Hal Greer
50%
1971 18.6 Philadelphia 76ers Hal Greer
50%
1991 18.2 Washington Bullets Harvey Grant
50%
1993 18.6 Washington Bullets Harvey Grant
50%
2009 25.8 Indiana Pacers Danny Granger
43%
2010 24.1 Indiana Pacers Danny Granger
43%
2008 20.1 Memphis Grizzlies Rudy Gay
36%
2013 18.2 Memphis Grizzlies Rudy Gay
36%
1985 22.6 Utah Jazz Darrell Griffith
32%
1958 16.5 New York Knicks Richie Guerin
29%
1959 18.2 New York Knicks Richie Guerin
29%
1960 21.8 New York Knicks Richie Guerin
29%
1961 21.8 New York Knicks Richie Guerin
29%
1962 29.5 New York Knicks Richie Guerin
29%
1963 21.5 New York Knicks Richie Guerin
29%
1986 16.7 San Antonio Spurs Artis Gilmore
21%
1992 20.5 Charlotte Hornets Kendall Gill
18%
1997 21.8 New Jersey Nets Kendall Gill
18%
1994 17.1 Washington Bullets Tom Gugliotta
18%
1955 14.6 New York Knicks Harry Gallatin
14%
1990 18.8 Charlotte Hornets Armen Gilliam
7%
1995 14.8 New Jersey Nets Armen Gilliam
7%
1996 18.3 New Jersey Nets Armen Gilliam
7%
1987 16.4 New Jersey Nets Mike Gminski
7%
1988 16.9 Philadelphia 76ers Mike Gminski
7%
1989 17.2 Philadelphia 76ers Mike Gminski
7%
1950 23.4 Indianapolis Olympians Alex Groza
4%
1951 21.7 Indianapolis Olympians Alex Groza
4%
1957 16.3 Minneapolis Lakers Dick Garmaker
0%
1952 13.7 Indianapolis Olympians Joe Graboski
0%
1953 13.0 Indianapolis Olympians Joe Graboski
0%
1954 13.3 Philadelphia Warriors Joe Graboski
0%
1956 14.4 Philadelphia Warriors Joe Graboski
0%
No matching quizzes found
Score Distribution
Percent of People with Each Score
Percentile by Number Answered
Your Score History
You have not taken this quiz